| 000 | 00449nam a2200181Ia 4500 | ||
|---|---|---|---|
| 008 | 160319s9999 xx 000 0 und d | ||
| 020 | _a0-895656760 | ||
| 050 | _aFic | ||
| 050 | _b.M739a 1988 | ||
| 100 | _aMoncure, Jane Belk | ||
| 245 | 2 | _aA pocketful of pets / | |
| 245 | _cJane Belk Moncure. | ||
| 260 | _aElgin, IL : | ||
| 260 | _bThe Child's World, Inc. | ||
| 260 | _c1988 | ||
| 300 | _a31 pages ; | ||
| 440 | _aMagic Castle Readers. | ||
| 999 |
_c292075 _d292075 |
||